00444nam a2200145Ia 4500082001600000100002000016245006400036260003200100300001300132440004100145504001900186650004800205650001900253650002600272 a006.3 SLA-; aSlagle, James R 0aArtificial intelligence: the heuristic programming approach aNew YorkbMcGraw-Hillc1971 ax, 196p. aMcGraw-Hill series in system science aIncludes index aArtificial intelligence - Computer programs aMachine theory aHeuristic programming